[Event "11th A.Margaryan Memorial 2021"]
[Site "Yerevan"]
[Date "2021.01.09"]
[Round "1.1"]
[White "Lobanov, Sergei"]
[Black "Barseghyan, Armen Ar."]
[Result "1-0"]
[WhiteElo "2510"]
[BlackElo "2362"]
[Annotator "TA"]
[PlyCount "67"]
[EventDate "2021.01.09"]
[EventType "tourn"]
[EventCountry "ARM"]
[SourceTitle "playchess.com"]
[Source "ChessBase"]
[SourceQuality "1"]

{[%evp 10,67,16,12,43,39,27,13,11,22,13,9,10,15,16,15,15,10,16,14,9,16,20,32,58,54,111,126,112,118,123,128,229,231,342,324,975,964,958,107,112,0,959,954,950,941,818,648,612,358,1811,1536,29981,29976,29973,12637,29989,29990,29992,29993]} 1. e4 c5 2. Nf3 Nc6 3. Bb5 g6 4. O-O Bg7 5. Bxc6 bxc6 6. Re1 Qc7 {B31: Sicilian: 2...Nc6 3 Bb5 g6.} 7. c3 d6 8. h3 Nf6 {The position is equal.} 9. d4 cxd4 10. cxd4 O-O 11. Nc3 Bb7 12. Bf4 c5 13. d5 Rad8 14. Qd2 Rfe8 {[#]} 15. Rad1 $146 ({Predecessor:} 15. Rac1 Qa5 16. b3 Nd7 17. Qd3 Qb4 18. Qd2 Qa5 19. Qc2 Bxc3 20. Qxc3 Qxc3 21. Rxc3 {½-½ (37) Saitou,A (2207)-Trent,B ICCF email 2017}) 15... Qb6 16. Bh6 e6 17. dxe6 Rxe6 ({Better is} 17... fxe6 $14 18. Bxg7 Kxg7) 18. Bxg7 $16 Kxg7 19. e5 Nd7 20. exd6 {Hoping for Rxe6.} Bxf3 (20... Rf6 $16) 21. Rxe6 $1 $18 ({Stronger than} 21. gxf3 Ne5 $11) 21... Bxd1 {[#]} (21... fxe6 $142 22. gxf3 Rf8) 22. Nd5 $1 {[%mdl 512]} Qa6 $2 {[#]} (22... fxe6 23. Nxb6 axb6 24. Qxd1 Nf6) 23. Qc3+ $1 Kh6 24. Qe3+ $2 (24. Re7 $18 {is the precise move to win.} Qxd6 25. Rxf7) 24... Kg7 $16 {[#]} 25. Qc3+ $2 {[%mdl 8192]} (25. Nc7 $1 $16 Qxa2 26. Re7) 25... Kh6 $18 26. Re7 Qxd6 27. Rxf7 {Intending Qg7+ and mate.} Qe5 28. Qd2+ g5 {aiming for ...Nf8.} 29. Ne3 ({Not} 29. Qxd1 Nf6 $11) 29... Qe6 $2 {[#]} (29... Kg6) 30. Re7 $3 {[%mdl 512]} Qb6 (30... Qxe7 31. Nf5+) 31. Qxd1 Ne5 32. Qc2 {[%csl Gc2][%cal Re7h7]} Nd3 33. Ng4+ Kg6 34. Qc4 {[%csl Ge7][%cal Rc4f7] Weighted Error Value: White=0.49/Black=0.72} 1-0

[Event "11th A.Margaryan Memorial 2021"]
[Site "Yerevan"]
[Date "2021.01.09"]
[Round "1.2"]
[White "Makaryan, Rudik"]
[Black "Gharibyan, Mamikon"]
[Result "1-0"]
[WhiteElo "2461"]
[BlackElo "2432"]
[Annotator "TA"]
[PlyCount "87"]
[EventDate "2021.01.09"]
[EventType "tourn"]
[EventCountry "ARM"]
[SourceTitle "playchess.com"]
[Source "ChessBase"]
[SourceQuality "1"]

{[%evp 19,87,0,19,-13,0,0,0,14,33,-26,-27,-16,-21,-11,0,-15,-26,-37,-41,-64,-21,-54,-34,-25,4,-37,0,0,58,69,225,218,295,293,358,357,354,288,436,350,342,328,316,304,301,277,277,254,327,277,277,277,278,284,333,356,356,352,353,349,341,322,1291,1264,29989,29990,29990,29991,29992,29990]} 1. d4 Nf6 2. c4 e6 3. Nf3 d5 4. g3 Bb4+ 5. Bd2 Be7 6. Bg2 O-O 7. O-O c6 8. Qc2 b6 9. Bf4 Nbd7 10. Nbd2 Ba6 11. Rfe1 {E11: Bogo-Indian.} Nh5 12. Be5 Rc8 13. cxd5 {[#] The position is equal.} exd5 $146 ({Predecessor:} 13... cxd5 14. Qa4 Bb7 15. Qxa7 Bc6 16. Bh3 Ra8 17. Qc7 Qxc7 18. Bxc7 Rfc8 19. Be5 Nhf6 {½-½ (58) Ruiz Jarabo,F (2236)-Lecha Gonzalez,J (2213) ICCF email 2012}) 14. Rad1 (14. Qa4 $14 Bb5 15. Qxa7) 14... f6 $11 15. Bf4 g5 16. Be3 f5 {aiming for ...f4.} 17. Nf1 {[%cal Bd2f1,Bf1e3,Be3d5][%mdl 32]} f4 18. Bc1 g4 $1 {[%cal Rg4f3]} 19. N3d2 Bd6 20. e4 f3 $1 {[%cal Rf3g2]} 21. Bh1 Be2 22. Ne3 Qg5 23. e5 Bxd1 (23... Bb4 $11) 24. Qxd1 $14 {[%cal Rd2f3] Threatens to win with Nxf3.} Bb4 $2 {[#] Loses the game.} (24... Bxe5 $14 25. dxe5 Nxe5) 25. Nxf3 $1 $18 gxf3 {[#]} 26. Nxd5 $1 {[%mdl 576] Discovered Attack} Qg4 (26... Qf5 27. Nxb4) 27. Nxb4 Ng7 28. Bh6 Rf5 (28... a5 {was called for.}) 29. Qb3+ Kh8 30. Bxg7+ Qxg7 31. e6 ({Don't take} 31. Bxf3 c5 $18) 31... Nb8 {[%cal Bd7b8,Bb8a6,Ba6c5][%mdl 32]} 32. Bxf3 Qxd4 33. Re3 Qf6 34. Kg2 Re8 35. Nd3 Na6 36. Bxc6 Nc5 37. Bxe8 (37. Nxc5 Rxf2+ 38. Kh1 Rf1+ 39. Kg2 Rf2+ 40. Kh1 Rf1+ 41. Kg2 Rf2+ $11) 37... Nxb3 {[#]} 38. e7 $1 Rf3 {[#]} 39. Re1 Rxd3 40. Bb5 Qf3+ $2 (40... Rd8 41. exd8=Q+ Qxd8 42. Re8+ Qxe8 43. Bxe8 Nc1) 41. Kg1 Nd4 42. e8=Q+ {White mates.} Kg7 43. Bxd3 Qxd3 44. Qd7+ {Weighted Error Value: White=0.16/Black=0.48} 1-0

[Event "11th A.Margaryan Memorial 2021"]
[Site "Yerevan"]
[Date "2021.01.09"]
[Round "1.3"]
[White "Lazavik, Denis"]
[Black "Mikaelyan, Arman"]
[Result "1/2-1/2"]
[WhiteElo "2436"]
[BlackElo "2485"]
[Annotator "TA"]
[PlyCount "102"]
[EventDate "2021.01.09"]
[EventType "tourn"]
[EventCountry "ARM"]
[SourceTitle "playchess.com"]
[Source "ChessBase"]
[SourceQuality "1"]

{[%evp 15,102,28,33,42,49,32,42,35,68,43,37,21,14,0,0,-14,-13,0,27,0,0,0,0,0,58,73,76,-96,-8,0,0,-51,-43,-73,-59,-56,-57,-64,-72,-81,-71,-59,-44,-43,-52,-53,-51,-41,-41,-61,-44,-63,0,0,0,0,0,-5,0,0,0,-6,0,0,0,0,0,0,0,0,0,0,0,0,0,0,0,0,0,0,0,0,0,0,0,0,0,0,0]} 1. d4 g6 2. c4 Bg7 3. Nc3 c5 4. d5 Bxc3+ 5. bxc3 f5 6. h4 Nf6 7. h5 Rg8 8. hxg6 hxg6 9. e4 {9.Qa4 is the modern continuation. A40: Unusual replies to 1 d4.} d6 10. exf5 {[#]} gxf5 $146 ({Predecessor:} 10... Bxf5 11. Be2 Qa5 12. Bd2 Na6 13. Nf3 Nc7 14. Nh4 O-O-O 15. Nxf5 gxf5 16. Bf3 Nd7 {0-1 (29) Studnicka,T (2283)-Kanovsky,D (2431) Czechia 2008}) 11. Qa4+ {White is slightly better.} Bd7 12. Qa3 Na6 13. Nh3 e5 14. dxe6 Qe7 15. f3 Bxe6 16. Kf2 Rh8 ({Much weaker is} 16... Qg7 $6 17. Ng5 $16) 17. Bg5 O-O-O 18. Re1 Rdg8 19. Bd3 Qf7 (19... Nc7 $1 $11) 20. Qc1 $1 $14 Nd7 {[#]} 21. f4 (21. Bf4 $1 $16 {keeps the pressure on.} Ne5 22. Bxe5 dxe5 23. Ng5) 21... Nab8 ({But not} 21... Bxc4 $6 22. Re7 $11) (21... Nc7 $17 22. Qc2 Kb8) 22. Qc2 $11 Nc6 23. g3 (23. Rxe6 $11 Qxe6 24. Bxf5 Qxc4 25. Rd1 Rxg5 26. fxg5) 23... Rf8 24. Bh4 {And now Ng5 would win.} Bxc4 25. Ng5 $1 {[%cal Rg5f7]} Qd5 26. Rd1 Bxd3 27. Qxd3 Qxd3 28. Rxd3 Rh6 29. Rhd1 $1 Kc7 30. Re3 {aiming for Ne6+.} Nd8 31. Nf3 Nf6 {Threatens to win with ...Ng4+.} 32. Bxf6 Rhxf6 33. Rh1 Re6 ({Better is} 33... Kc6 $15) 34. Rh7+ {The position is equal.} Kc6 35. Rxe6 Nxe6 {[%mdl 4096] Endgame KRN-KRN} 36. Rh6 Kd7 37. Rh7+ Kc6 38. Rh6 Re8 39. Nh4 b5 40. Nxf5 a5 41. Nxd6 Kxd6 {KRN-KR} 42. f5 {[%mdl 64] [#] Pin} a4 43. Ke3 Kd5 {White must now prevent ...Nd4+.} 44. Rxe6 Rxe6+ 45. fxe6 Kxe6 {K3P-K3P} 46. Kd3 b4 47. cxb4 cxb4 48. Kc4 b3 {[%cal Rb3a2]} 49. axb3 axb3 50. Kxb3 Kf5 51. g4+ Kxg4 {Weighted Error Value: White=0.11/Black=0.11} 1/2-1/2

[Event "11th A.Margaryan Memorial 2021"]
[Site "Yerevan"]
[Date "2021.01.09"]
[Round "1.4"]
[White "Babujian, Levon"]
[Black "Daneshvar, Bardiya"]
[Result "1-0"]
[WhiteElo "2440"]
[BlackElo "2399"]
[Annotator "TA"]
[PlyCount "82"]
[EventDate "2021.01.09"]
[EventType "tourn"]
[EventCountry "ARM"]
[SourceTitle "playchess.com"]
[Source "ChessBase"]
[SourceQuality "1"]

{[%evp 18,82,-31,-95,-6,-56,-27,-39,-13,-83,-48,-57,-27,-54,-53,-50,60,56,14,-186,-108,-118,-33,-155,-150,-149,-143,-172,-79,-121,-141,-163,-55,-52,-50,-37,0,0,0,0,285,-292,683,673,682,546,550,537,490,430,416,432,433,416,416,384,414,416,529,402,768,884,849,850,795,760,960]} 1. d4 d5 2. c4 c6 3. Nc3 Nf6 4. Nf3 e6 5. Bg5 dxc4 6. e4 b5 7. e5 h6 8. Bh4 g5 9. Bg3 Nd5 10. Be2 (10. Nd2 $15) 10... Bb7 {D44: Semi-Slav: Botvinnik System.} (10... Bb4 $17 11. Qc2 Qa5) 11. Nd2 Nd7 12. O-O Qb6 {Black is slightly better.} 13. Nde4 (13. a4 $1 $11) 13... O-O-O 14. a4 {[%cal Ba2a4,Ba4a5][%mdl 32]} a6 15. b3 Nxc3 $1 16. Nxc3 b4 {[#]} (16... cxb3 $15 17. f3 b2) 17. a5 $1 $14 {[%mdl 1024] White has compensation.} Qa7 {[#]} (17... Qc7 18. Ne4) 18. Ne4 $146 {[#]} (18. Na4 $1 $11 {and White stays safe.}) ({Predecessor:} 18. Na2 c3 19. Bh5 c5 20. Bxf7 Bd5 21. Qg4 Bxb3 22. dxc5 Nxc5 23. Bg6 Nd3 24. Qf3 {0-1 (44) Tilicheev,V (2540)-Ni,S (2428) Neustadt an der Weinstrasse 2019}) 18... c3 (18... c5 $1 $19 19. Nd6+ Bxd6 20. exd6 c3) 19. Bc4 $17 Be7 (19... c5 $17 20. d5 exd5 21. Bxd5 Be7 22. Bxb7+ Qxb7) 20. Nd6+ (20. Qh5 $15 Rdf8 21. Rad1) 20... Bxd6 21. exd6 c5 22. f4 gxf4 (22... cxd4 $19 {and Black stays clearly on top. And now ...Qc5 would win.} 23. fxg5 hxg5 24. Rxf7 Qc5) 23. Rxf4 cxd4 {Threatens to win with ...e5.} 24. Rxf7 Rhf8 (24... e5 $19 {aiming for ...Qc5.} 25. Qf1 e4) 25. Rxf8 $15 Rxf8 26. Qd3 $1 e5 {...e4 is the strong threat.} 27. Be6 {Strongly threatening Bxd7+.} Qc5 {Hoping for ...e4.} 28. Bxd7+ Kb8 $2 {[%mdl 8192]} (28... Kxd7 $11 29. Qh7+ Kc8) 29. Re1 $4 {[%mdl 8192]} (29. Be6 $18 {and life is good for White.}) 29... Qd5 $4 {[%mdl 8192]} (29... c2 $19 30. Qc4 Qxc4 31. bxc4 d3) 30. Bh3 $18 e4 31. d7+ Ka7 {[#]} 32. Bc7 $1 {[%mdl 512]} Qxd7 33. Bb6+ (33. Bxd7 exd3 34. Be5 d2 $19) 33... Ka8 34. Qxd4 (34. Bxd7 $2 {is the wrong capture.} exd3 35. Bg4 d2 $19) 34... Qxd4+ 35. Bxd4 Rd8 36. Be3 Rd3 {Now ...c2 and Black clings on.} 37. Kf2 Bd5 38. Bf5 Kb8 (38... h5 $142 39. Rc1 Bc6) 39. Bf4+ {White is clearly winning.} Ka7 40. Bxe4 Bxe4 41. Rxe4 c2 {What a bad dream for Black.  Weighted Error Value: White=0.66/Black=0.76} 1-0

[Event "11th A.Margaryan Memorial 2021"]
[Site "Yerevan"]
[Date "2021.01.09"]
[Round "1.5"]
[White "Sargsyan, Anna M."]
[Black "Hayrapetyan, Hovik"]
[Result "0-1"]
[WhiteElo "2402"]
[BlackElo "2488"]
[Annotator "TA"]
[PlyCount "84"]
[EventDate "2021.01.09"]
[EventType "tourn"]
[EventCountry "ARM"]
[SourceTitle "playchess.com"]
[Source "ChessBase"]
[SourceQuality "1"]

{[%evp 9,84,9,30,0,0,0,0,0,12,5,24,10,13,23,39,31,77,87,88,81,83,77,95,106,160,165,154,171,195,180,182,25,16,15,18,15,27,0,112,52,109,117,178,43,39,31,33,0,0,0,0,-129,-126,-127,-117,-112,-119,-109,-70,-250,-255,-1479,-1472,-1318,-1334,-1093,-564,-665,-481,-554,-547,-657,-516,-1029,-916,-752,-641]} 1. e4 c5 2. Nf3 a6 3. Nc3 b5 4. g3 Bb7 5. d3 g6 6. Be3 {B28: Sicilian: 2 Nf3 a6 (O'Kelly Variation).} d6 7. Bg2 Bg7 8. Qd2 {The position is equal.} Nc6 9. O-O {[#]} h5 $146 ({Predecessor:} 9... Rc8 10. Bh3 Rb8 11. Nh4 b4 12. Nd1 Nf6 13. f4 O-O 14. f5 d5 15. fxg6 hxg6 16. exd5 Ne5 17. c4 bxc3 18. Nxc3 Nxd5 19. Bf2 Nxd3 {0-1 (19) Guzman,A (1906)-Argote Heredia,V (2104) Palmira 2019}) 10. h3 e6 11. d4 cxd4 12. Nxd4 Na5 13. b3 Nf6 14. Rad1 O-O 15. Nde2 $1 Ne8 16. a4 Rc8 (16... Qb8 $142) 17. axb5 $16 axb5 18. Nxb5 Ba6 19. Na7 Ra8 20. c4 $2 ({White should play} 20. Rfe1 $18) 20... Nxb3 $11 21. Qb4 Rb8 22. Nb5 Na5 23. Qa4 Bb7 (23... Nxc4 $11 24. Qxa6 Nxe3) 24. Ned4 (24. Rb1 $16) 24... Rc8 ({Better is} 24... Ra8 $14) 25. c5 $1 $16 d5 (25... e5 $16) 26. exd5 ({White should try} 26. Na7 $1 $18 {[%cal Ra7c8]}) 26... Bxd5 $14 27. Bxd5 exd5 28. Na7 Ra8 {[%cal Ra8a7]} 29. Nac6 Qd7 30. Qb5 {[#]} (30. Qa3 $11 {keeps the balance.} Bxd4 31. Nxd4) 30... Nc7 $1 $17 {[%cal Rc7b5]} 31. Qb6 Nc4 32. Qb7 {And now Bf4 would win.} Nxe3 33. fxe3 Bh6 34. Rde1 $2 (34. Nc2 $1 $15) 34... Qxh3 $40 {[%mdl 128] Black wants a kill.} 35. Qxc7 (35. Rf3 Ra2 36. Ne2) 35... Ra2 {[%csl Ga2][%cal Rh3h2] Black is clearly winning.} 36. Rf2 {[#]} Bxe3 $1 {[%csl Ga2][%cal Re3f2][%mdl 512]} 37. Ne2 Bxf2+ 38. Kxf2 Qh2+ 39. Kf1 h4 40. Qf4 hxg3 {( -> ...Qh1+)} 41. Qf3 (41. Ne7+ $142 Kh7 42. Qf3 g2+ 43. Qxg2 Qxg2+ 44. Kxg2) 41... Re8 42. Ncd4 Re4 {Never resign too early!  Weighted Error Value: White=0.65/Black=0.35} 0-1

[Event "11th A.Margaryan Memorial 2021"]
[Site "Yerevan"]
[Date "2021.01.10"]
[Round "2.1"]
[White "Barseghyan, Armen Ar."]
[Black "Hayrapetyan, Hovik"]
[Result "0-1"]
[WhiteElo "2362"]
[BlackElo "2488"]
[Annotator "TA"]
[PlyCount "114"]
[EventDate "2021.01.09"]
[EventType "tourn"]
[EventCountry "ARM"]
[SourceTitle "playchess.com"]
[Source "ChessBase"]
[SourceQuality "1"]

{[%evp 16,114,30,35,15,1,16,-12,39,0,6,-28,-18,-22,-27,-38,-24,-27,-28,-34,-32,-55,-23,-25,-27,-39,-39,-31,-30,-40,-45,-45,-37,-92,-84,-88,-85,-91,-80,-109,-120,-125,-125,-133,-124,-157,-150,-143,-143,-143,-143,-143,-143,-187,-169,-174,-162,-162,-160,-181,-181,-511,-510,-502,-501,-475,-294,-1389,-1154,-2205,-1818,-1531,-1116,-2933,-2449,-2395,-3804,-2320,-1589,-1633,-2446,-12840,-12840,-12840,-12840,-12841,-12841,-12841,-12842,-12842,-12843,-12843,-12843,-12844,-12844,-12845,-12845,-12845,-12846,-12846,-12846]} 1. d4 Nf6 2. Nf3 e6 3. e3 b6 4. Bd3 Bb7 5. O-O c5 6. c4 cxd4 7. exd4 Be7 8. Nc3 O-O 9. d5 Na6 {E14: Queen's Indian: Classical Variation (4 e3).} 10. Bb1 {[#] d6 is the strong threat.} Qc7 $146 ({Predecessor:} 10... Qb8 11. Bg5 h6 12. Bh4 Qf4 13. Qe2 Rfe8 14. Bg3 Qg4 15. d6 Bf8 16. Rd1 Bxf3 17. gxf3 {0-1 (71) Anuprita,P (2025)-Lehaci,M (2214) Hastings 2020}) 11. Bd3 Nb4 (11... exd5 $11 12. cxd5 Nb4) 12. Nb5 Qb8 13. Re1 a6 14. Nc3 b5 15. b3 Nxd3 16. Qxd3 Rc8 17. Bd2 Qc7 {[%cal Rb5c4]} 18. cxb5 Nxd5 19. Nxd5 Bxd5 20. Rac1 Qb7 {Hoping for ...Rxc1.} 21. Rxc8+ Qxc8 22. b6 Qb7 23. Be3 Bd8 24. Qd4 {[#]} (24. Ne5 $1 $15) 24... Rb8 $1 $17 {Black converts the advantage convincingly.} 25. Ne5 d6 26. Nc4 Bxc4 27. bxc4 Qxb6 28. Qxb6 Bxb6 {[%mdl 4096] Endgame KRB-KRB} 29. Rb1 Bc7 30. Rxb8+ Bxb8 {KB-KB} 31. Kf1 f5 32. f3 Kf7 33. Ke2 e5 34. Kd3 Ke6 35. h3 d5 36. cxd5+ Kxd5 37. Bc1 e4+ 38. fxe4+ $2 (38. Ke2) 38... fxe4+ $19 39. Ke2 Ba7 40. Bb2 Bd4 41. Ba3 (41. Bc1) 41... Kc4 {Black is clearly winning.} 42. Kd2 e3+ 43. Ke2 Kc3 44. g4 a5 {[%cal Ba6a5,Ba5a4][%mdl 32]} 45. h4 Kc2 (45... a4 $142 46. h5 Kc2) 46. Bd6 a4 47. h5 g6 48. hxg6 hxg6 49. Be7 Bb6 50. Bd6 Kb2 51. a3 Kc2 52. Be7 Bd4 53. Bd6 Kb3 54. Kd3 Bb2 55. Bc5 Bxa3 56. Bxe3 Bb2 57. Bc5 g5 {Weighted Error Value: White=0.65/Black=0.21} 0-1

[Event "11th A.Margaryan Memorial 2021"]
[Site "Yerevan"]
[Date "2021.01.10"]
[Round "2.2"]
[White "Daneshvar, Bardiya"]
[Black "Sargsyan, Anna M."]
[Result "1-0"]
[WhiteElo "2399"]
[BlackElo "2402"]
[Annotator "TA"]
[PlyCount "69"]
[EventDate "2021.01.09"]
[EventType "tourn"]
[EventCountry "ARM"]
[SourceTitle "playchess.com"]
[Source "ChessBase"]
[SourceQuality "1"]

{[%evp 12,69,26,25,56,36,56,51,63,63,58,71,57,21,14,0,0,0,16,0,0,0,0,0,0,-6,0,-16,-10,-10,0,-4,0,0,4,0,48,-4,-11,-8,0,0,0,-25,-14,-30,249,256,266,206,420,422,425,410,543,509,592,604,598,586]} 1. d4 Nf6 2. c4 g6 3. Nc3 d5 4. Bf4 Bg7 5. e3 O-O 6. Rc1 c6 7. Nf3 h6 {D93: Grünfeld: 4 Nf3 Bg7 5 Bf4 0-0 6 e3.} 8. Qb3 e6 {[#]} 9. Bd3 $146 ({Predecessor:} 9. c5 Ne8 10. Bd3 Nd7 11. O-O b6 12. cxb6 axb6 13. e4 Bb7 14. exd5 exd5 {0-1 (36) Pejovic,M (1946)-Muric,T (1922) Podgorica 2018}) 9... Re8 {White is slightly better.} 10. h3 Nbd7 11. O-O b6 12. Qd1 Bb7 13. b4 {[%cal Bb2b4,Bb4b5][%mdl 32]} a5 14. cxd5 exd5 15. b5 c5 16. dxc5 bxc5 17. Na4 Qe7 18. Bb1 Rac8 19. Nd2 c4 20. Nf3 Nh5 21. Bh2 Qb4 22. Nd4 Bxd4 23. exd4 c3 24. Qb3 ({Better is} 24. Bc2 $14) 24... Qxd4 $11 25. Nxc3 Nf4 {And now ...Rxc3! would win.} 26. Qd1 Qf6 {With the idea ...Nxh3+!} 27. Qd2 {[#]} Nxg2 28. Kxg2 {Hoping for f3.} Ne5 {[%mdl 8192] Black cannot hold the game after this.} (28... d4+ $11 {and Black has nothing to worry.} 29. Ne4 Rxc1 30. Rxc1 Rxe4 31. Bxe4 Bxe4+ 32. Kf1 g5) 29. Qf4 $18 ({Not} 29. Qxh6 {[#]} Rxc3 $1 {[%mdl 512]} 30. Rxc3 d4+ 31. Rc6 Nxc6 $17) 29... Qg7 30. f3 {Nxd5! is the strong threat.} Nc4 $2 (30... Rc4 31. Qd2 Rb4) 31. Bg1 g5 32. Qd4 Ne5 33. Ne2 {White is clearly winning.} Rxc1 34. Rxc1 Qf6 35. Rc3 {Weighted Error Value: White=0.10/Black=0.40} 1-0

[Event "11th A.Margaryan Memorial 2021"]
[Site "Yerevan"]
[Date "2021.01.10"]
[Round "2.3"]
[White "Mikaelyan, Arman"]
[Black "Babujian, Levon"]
[Result "1-0"]
[WhiteElo "2485"]
[BlackElo "2440"]
[Annotator "TA"]
[PlyCount "79"]
[EventDate "2021.01.09"]
[EventType "tourn"]
[EventCountry "ARM"]
[SourceTitle "playchess.com"]
[Source "ChessBase"]
[SourceQuality "1"]

{[%evp 9,79,-12,-13,-16,-16,-7,0,-8,-11,0,-11,-25,0,0,0,0,0,0,0,0,96,41,56,0,13,0,69,18,84,31,68,58,179,155,191,208,191,189,253,228,208,207,281,270,276,177,277,270,270,258,266,253,251,228,210,178,1266,1400,1225,1080,5535,4812,29984,29984,29987,29987,29988,29988,29988,29989,29989,29990]} 1. d4 {Krasenkow,M} Nf6 2. c4 g6 3. Nc3 d5 4. Nf3 Bg7 5. h4 dxc4 6. e4 {D90: Grünfeld: 4 Nf3 Bg7 sidelines.} c5 7. d5 b5 8. h5 {The position is equal.} O-O (8... gxh5 $6 9. e5 $16) 9. hxg6 fxg6 10. d6 {e5 is the strong threat.} exd6 {[#] Strongly threatening ...Re8.} 11. a4 $146 ({Predecessor:} 11. Nxb5 d5 12. Nc3 Re8 13. Be3 d4 14. e5 Ba6 15. Qa4 Qd7 16. Bxc4+ Bxc4 17. Qxc4+ {1-0 (42) Mamedyarov,S (2814)-Navara,D (2745) Shamkir 2018 CBM 184 [Krasenkow,M]}) 11... Qe7 {And now ...Bb7 would win.} 12. axb5 Be6 13. Be2 Nbd7 14. Ng5 Ne5 (14... Nb6 $11) 15. Nxe6 (15. Ra6 $16) 15... Qxe6 $14 16. O-O (16. Ra6 $14) 16... Rf7 17. Ra6 Rd8 ({Better is} 17... Nd3 $11) 18. Be3 ({White should try} 18. f4 $1 $14 Nd3 19. e5) 18... Qe7 {[#]} (18... Nd3 $11 {remains equal.}) 19. Nd5 (19. Bg5 $1 $16) 19... Nxd5 20. Qxd5 Kh8 {Loses the game.} (20... Rd7 $14) 21. Rd1 $18 Nd3 22. Bxd3 cxd3 23. Rxd3 Rd7 (23... Be5 $142) 24. Rxd6 Rxd6 25. Qxd6 Qxe4 {[#]} 26. Qb8+ (26. Bxc5 $2 Qe1+ 27. Kh2 Be5+ 28. g3 Bxd6 $19) 26... Rf8 27. Rd8 $40 {[%mdl 128] White attacks with force.} Qb1+ (27... Kg8 $142 28. Rxf8+ (28. Bxc5 $2 Qe1+ 29. Kh2 Qe5+ 30. Qxe5 Bxe5+ 31. f4 Bxf4+ 32. g3 Rxd8 $19) 28... Bxf8 29. Bxc5 (29. Qxa7 Bd6 $18) 29... Qb1+ 30. Kh2 Qf5) 28. Kh2 Qf5 {White must now prevent ...Be5+.} 29. Rxf8+ Bxf8 30. g4 ({Resist} 30. Qxa7 $6 Qh5+ 31. Kg3 Bd6+ 32. f4 Qg5+ 33. Kf2 Qh4+ 34. Kf3 Qh5+ 35. Kg3 (35. Kf2 Qh4+ 36. Kf1 Qh1+ 37. Kf2 Qh4+ $16) 35... Qg5+ 36. Kf2 Qh4+ 37. Kf1 Qh1+ 38. Kf2 Qh4+ $16) 30... Qf6 31. Kg2 Qd6 32. Bf4 Qxb8 (32... Qd5+ 33. f3 Kg8) 33. Bxb8 {[%mdl 4096] Endgame KB-KB} c4 34. Bxa7 Bg7 35. Kf3 Bxb2 36. Ke4 {White mates.} Ba3 37. Bd4+ Kg8 38. b6 Bd6 39. Kd5 Bb8 40. Be5 {Weighted Error Value: White=0.10/Black=0.50} 1-0

[Event "11th A.Margaryan Memorial 2021"]
[Site "Yerevan"]
[Date "2021.01.10"]
[Round "2.4"]
[White "Gharibyan, Mamikon"]
[Black "Lazavik, Denis"]
[Result "1/2-1/2"]
[WhiteElo "2432"]
[BlackElo "2436"]
[Annotator "TA"]
[PlyCount "132"]
[EventDate "2021.01.09"]
[EventType "tourn"]
[EventCountry "ARM"]
[SourceTitle "playchess.com"]
[Source "ChessBase"]
[SourceQuality "1"]

{[%evp 13,132,25,29,19,31,17,17,8,8,8,0,0,0,-31,-14,-26,0,-25,-33,-29,-37,-39,-29,-39,-28,-38,-31,-30,-32,-47,-52,-67,-24,-33,-29,-38,-26,-33,-32,-30,0,0,0,0,0,-7,0,0,0,0,0,0,0,-90,-95,-88,-87,-95,0,-99,0,0,0,0,198,185,229,0,0,0,0,2,55,49,49,49,49,60,61,49,49,49,49,49,49,49,49,49,49,49,49,49,66,49,59,59,66,49,75,71,69,61,62,62,66,49,66,60,68,68,68,68,68,68,68,0,68,0,68,0,64]} 1. d4 d5 2. c4 c6 3. Nf3 Nf6 4. e3 Bf5 5. Nc3 e6 6. Nh4 Bg6 7. Nxg6 hxg6 8. Rb1 {D12: Slav Defence: 3 Nf3 Nf6 4 e3 Bf5.} Nbd7 {[%cal Bb8d7,Bd7b6,Bb6c4][%mdl 32]} 9. g3 Bb4 {[#]} 10. a3 $146 ({Predecessor:} 10. Qb3 a5 11. a3 Bxc3+ 12. Qxc3 a4 13. Bg2 O-O 14. O-O Nb6 15. c5 Nc4 16. Rd1 {1-0 (35) Nakamura,H (2736)-Jobava,B (2603) chess.com INT 2020}) 10... Bxc3+ 11. bxc3 Rb8 12. Bg2 Nb6 13. c5 Nc4 14. Qa4 Qa5 15. Rb4 Qxa4 16. Rxa4 b6 17. Rxa7 bxc5 18. Rc7 Na5 19. O-O O-O 20. a4 Rb3 21. c4 Nxc4 22. Rxc6 cxd4 23. exd4 Rd3 24. Bf4 Rxd4 25. Ra1 Ra8 26. Bf1 e5 (26... g5 $5 27. Bxg5 Ne5 28. Bxf6 Nxc6 29. Bxd4 Nxd4 $11) 27. Bxc4 exf4 28. Bb5 Rb4 $36 {[%mdl 2048] White must now prevent ...Rxb5! Black fights for an advantage.} 29. Rac1 fxg3 30. hxg3 Ne4 31. Rc7 Rb2 32. Bc6 Rd8 33. Ra1 (33. Bb7 $1 $11 {keeps the balance.}) 33... Nxf2 $17 ({Not} 33... Rxf2 34. a5 $14) 34. a5 {[%cal Ba4a5,Ba5a6][%mdl 32]} Nh3+ $1 35. Kh1 {[#]} Rd6 (35... Ng5 $1 $17 {[%cal Rg5f3]} 36. Kg1 Rc2) 36. Bd7 {[#]} (36. a6 $11 Re6 37. Rb7 (37. Bxd5 {gets mated.} Ree2 38. Bxf7+ Kh7 39. Bxg6+ Kxg6 40. Rc6+ Kh7 41. Rc2 Rexc2 42. g4 Rh2#)) 36... Nf2+ (36... Ng5 $1 $17 {[%cal Rg5f3] ( -> ...Nf3)} 37. Ba4 d4 38. Rc8+ Kh7) 37. Kg1 $11 {Threatens to win with a6.} Ra6 38. Bc8 $1 {[%cal Rc8a6]} Ra8 (38... Rf6 $1 $11 {and Black is okay.} 39. a6 Rf3) 39. a6 $18 Ne4 40. Bb7 $2 ({Better is} 40. Bd7 $18) 40... Ra7 $11 {aiming for ...Nd6.} 41. Rc8+ Kh7 42. Bxd5 Nd6 (42... Nxg3 $11 43. Ra8 Ne2+ 44. Kf2 Nd4+ 45. Kf1 Rxa8 46. Bxa8 Nb5) 43. Ra8 Rxa8 44. Bxa8 $14 {[%mdl 4096] Endgame Bd5 is the strong threat. KRB-KRN} Nb5 45. Bd5 ({But not} 45. a7 $6 Nxa7 46. Rxa7 f6 $16) 45... f5 46. a7 Nxa7 47. Rxa7 {KRB-KR} Rb6 48. Kf2 Kh6 49. Rc7 Rd6 50. Bc4 Rd2+ 51. Be2 Rd6 52. Rf7 Rb6 53. Ke3 Re6+ 54. Kf3 Rc6 55. Re7 Rc3+ 56. Kf4 Rb3 57. Re8 {[%cal Re8h8]} (57. Rc7 {keeps more tension.} Kh7 58. Rc8 Ra3 59. Rc1 g5+ 60. Kxf5 Rxg3 61. Bh5) 57... Rb4+ 58. Ke3 Kg5 59. Bd3 Rb3 60. Re6 Ra3 61. Rd6 Rb3 62. Kf3 Ra3 63. Kf2 Ra2+ 64. Kf3 Ra3 65. Kf2 Ra2+ $1 66. Kf3 Ra3 {Weighted Error Value: White=0.20/Black=0.14} 1/2-1/2